LEADER 01010nam0-22003491i-450- 001 990000780580403321 005 20001010 035 $a000078058 035 $aFED01000078058 035 $a(Aleph)000078058FED01 035 $a000078058 100 $a20001010d--------km-y0itay50------ba 101 0 $aita 105 $ay-------001yy 200 1 $aTerremoti e costruzioni$eprogetto e tec- nologia della resistenza sismica$fCorrado Latina 210 $aFirenze$cAlinea$d1989 215 $aXIV, 112 p.$cill., dis.$d31 cm 225 1 $aStrumenti didattici$v3 610 0 $aZONA SISMICA$aedilizia 610 0 $aEDIFICI$aresistenza sismica 610 0 $aRESISTENZA SISMICA 610 0 $aNOTO$avulnerabilita' sismica 676 $a693.852 700 1$aLatina,$bCorrado$08030 801 0$aIT$bUNINA$gRICA$2UNIMARC 901 $aBK 912 $a990000780580403321 952 $aTECN C 275$b2280/297$fFARBC 959 $aFARBC 996 $aTerremoti e costruzioni$985232 997 $aUNINA DB $aING01